Seventh Biggest City in Each U.S. State - Statistics

General Stats
  • This quiz has been taken 17 times
  • The average score is 6 of 50
Answer Stats
State Population City % Correct
Illinois 111,700 Springfield
53%
Texas 390,400 Arlington
47%
California 439,200 Long Beach
47%
Maryland 40,400 Annapolis
20%
Indiana 80,300 Bloomington
20%
Florida 222,000 Cape Coral
20%
Washington 110,600 Everett
20%
Montana 29,400 Kalispell
20%
Rhode Island 25,000 Newport
20%
Nebraska 25,100 Norfolk
20%
Missouri 97,800 O'Fallon
20%
Ohio 78,300 Parma
20%
Georgia 91,600 Roswell
20%
Utah 91,200 Sandy
20%
Arizona 244,400 Scottsdale
20%
Colorado 121,400 Arvada
13%
Oregon 99,800 Beaverton
13%
Pennsylvania 75,600 Bethlehem
13%
North Carolina 180,200 Cary
13%
Connecticut 87,600 Danbury
13%
Michigan 106,000 Dearborn
13%
New York 83,700 New Rochelle
13%
New Hampshire 22,900 Portsmouth
13%
Kentucky 37,300 Richmond
13%
Alabama 83,000 Auburn
7%
Louisiana 63,300 Bossier City
7%
New Jersey 71,400 Camden
7%
Idaho 58,200 Coeur d'Alene
7%
Arkansas 67,900 Conway
7%
Wyoming 12,000 Evanston
7%
Nevada 24,600 Fernley
7%
Tennessee 88,700 Franklin
7%
Virginia 139,000 Hampton
7%
Vermont 8,000 Montpelier
7%
Massachusetts 100,900 New Bedford
7%
Kansas 67,700 Shawnee
7%
Wisconsin 71,000 Waukesha
7%
West Virginia 18,300 Weirton
7%
Minnesota 80,100 Woodbury
7%
North Dakota 24,000 Diskinson
0%
New Mexico 38,000 Hobbs
0%
Hawaii 34,500 Kaneohe
0%
Alaska 7,800 Kenai
0%
South Dakota 15,500 Mitchell
0%
Oklahoma 63,400 Moore
0%
Maine 22,500 Sanford
0%
Delaware 8,800 Seaford
0%
South Carolina 51,600 Summerville
0%
Mississippi 37,400 Tupelo
0%
Iowa 71,600 West Des Moines
0%
No matching quizzes found
Score Distribution
Percent of People with Each Score
Percentile by Number Answered
Your Score History
You have not taken this quiz